000
00325 a2200145 4500
001
48950
040
_c
Anchieta - Bela Vista
100
_a
Machado, Ana Maria
240
1
0
_a
Pimenta no cocuruto
_l
por
245
1
0
_a
Pimenta no cocuruto
300
_a
31
362
0
_a
2003
650
4
_a
Literatura infanto-juvenil
942
_c
BK
999
_c
48950
_d
48950